Регионална библиотека "Любен Каравелов" - Русе

Диктаторът (Запис номер 342799)

MARC детайли
000 -Лидер
Контролно поле с фиксирана дължина 01704nam a2200301 c 4500
003 - Код на организацията, давaща контролен номер
Контролно поле BLK
005 - Дата и час на последна редакция
Контролно поле 20240411094358.0
008 - Елементи от данни с фиксирана дължина
fixed length control field 180911b bul|||||r ||||||| ||bul||
040 ## - Източник на каталожния запис
Идентификатор на билиотеката - собственик на записа BLK
041 ## - Код за език
Код за езика на текст/звукозапис или на отделно заглавие Български
Код за езика КДБФ Български
080 ## - УДК
Текстов определител УДК Български политик, държавник, революционер, поет и журналист
УДК - код + определител 929 Стамболов, Стефан Николов
УДК код - определител по УДК 929 Стамболов, Стефан Николов
139 ## - Редно поле
Редна дума Страшимиров, Антон Тодоров
245 00 - Сведения за заглавието
Заглавие Диктаторът
Подзаглавни данни Нови проучвания върху живота и личността на Стефан Стамболов : Кн. 1 - 3
Редно поле (дума) Антон Тодоров Страшимиров
260 ## - Област на издателските данни
Място на издаване, разпространение и проч. София
Име на издателя, разпространителя и проч. Бълг. книга
Година на издаване 1935
Печатница Художник
300 ## - Физическа характеристика
Страници 80 с., 1 л. : портр.; 78 с., 2 л. : портр.; 104 с.
Размери/Мащаб 18 см
380 ## - Жанр
Жанр История
500 ## - Общи забележки
Забележка Подчертавания в текста : Кн. 1, с. 1-17 ; Кн. са подвърз. в едно тяло
505 ## - Форматирана забележка
Заглавие Съдържа: Кн. 1: Апостол. <br/>Кн. 2: Държавнически възход. <br/>Кн. 3: Диктатор.
600 #0 - Име на лице, използвано като предмет
За него / За нея Стамболов, Стефан Николов
Титли или други наименования, свързани с автора Незлоблив Поет, Аспарух, Х. Х. Х.
Свързани дати 1854 - 1895
Друга информация Политик. Поет, публицист. Преводач. Революционер, общественик.
9 (RLIN) 242233
650 ## - Допълнително описание по предмет – тема
Основно описание – тема или топоним Биографии
9 (RLIN) 148657
655 ## - Ключова дума – жанр/разновидност
Данни за жанр/разновидност или ключова дума за фокус българска история
852 ## - Местоположение
Форматна сигнатура МА 2418
Фондова буква Фонд "Михаил Арнаудов"
852 ## - Местоположение
Форматна сигнатура Цб 9.175.7958
Фондова буква Основен фонд - ползва се само за читалня
999 ## - СИСТЕМНИ КОНТРОЛНИ НОМЕРА
Koha biblionumber 342799
Koha biblioitemnumber 342799
942 ## - АРТИКУЛИ
Вид на библиотечния материал Книги
Скрит в OPAC Не
Периодичен библиозапис Да
944 ## - СЪЗДАВАНЕ И РЕДАКЦИЯ на ЗАПИСА
Създаване/Редакция Създаване
Дата на регистрацията/редакция 1997
Служител, извършил регистрацията/редакцията 30570
Статус, дата на статуса Моника Янева
944 ## - СЪЗДАВАНЕ И РЕДАКЦИЯ на ЗАПИСА
Създаване/Редакция Редакция
Дата на регистрацията/редакция 2021-08-31
999 ## - СИСТЕМНИ КОНТРОЛНИ НОМЕРА
Koha biblioitemnumber 342799
Наличности
Код за отписване Код за изгубен артикул Източник на класификационната схема Код за повреда Коз за рестрикции Код за отдаване Артикулен № Име на библиотеката - собственик Име на библиотеката, в която се намира в момента Статус (Текущо местоположение) Местоположение - отдел Цена в лева Номерация (Хронология) Инвентарен номер Систематично азбучна сигнатура Баркод Номер на екземпляра Цена в евро Служебен тип на артикула Бележка за публиката Дата на вписване в системата
  Не е изгубен Universal Decimal Classification Не е повреден без рестрикции Специални фондове ( старопечатни, редки и ценни, фонд М. Арнаудов) 742939 Регионална библиотека "Любен Каравелов" Русе Регионална библиотека "Любен Каравелов" Русе Фонд "Михаил Арнаудов" Фонд "Михаил Арнаудов" 25.00   589353 МА 2418 120000589353 1 12.78 Книги  
  Не е изгубен Universal Decimal Classification Не е повреден само за читалня ползва се в читалня 851030 Регионална библиотека "Любен Каравелов" Русе Регионална библиотека "Любен Каравелов" Русе Хранилище Основен фонд - ползва се само за читалня 0.08   7958 Цб 9.175.7958 900000077026   0.04 Книги   2021-09-01
  Не е изгубен Universal Decimal Classification Не е повреден само за читалня ползва се в читалня 851031 Регионална библиотека "Любен Каравелов" Русе Регионална библиотека "Любен Каравелов" Русе Хранилище Основен фонд - ползва се само за читалня 0.50   138076 Цб І 40673 120000138076   0.26 Книги   2021-09-01
Vip Innovations Ltd, Rousse, Bulgaria 2025